00614cam a2200205 450000100060000000300080000600500170001400800410003103500190007204000230009104100080011408200260012210000320014824500600018026000550024030000370029535000100033250400300034265000360037245751BD-RjUL20211209054049.0160728s1969 cauab bs 000 0 eng  a(BD-RjUL)45869 aDLCcDLCdDLCbeng aeng00a363.620212bGUW 1969 1 aGuyol, Nathaniel B.,d1908-14aThe world electric power industry / c[by] N. B. Guyol. aBerkeley :bUniversity of California Press,c1969. axviii, 366 p. :bill. ; c29 cm. a20.00 aBibliography: p. 355-366. 0aElectric utilitiesxStatistics.